[Event "European Team Championship"]
[Site "Reykjavik ISL"]
[Date "2015.11.13"]
[EventDate "2015.11.13"]
[Round "1.19"]
[Result "1/2-1/2"]
[White "Danyyil Dvirnyy"]
[Black "Nigel Short"]
[WhiteElo "2561"]
[BlackElo "2686"]
[PlyCount "80"]

1. d4 Nf6 2. c4 e6 3. Nf3 b6 4. g3 Bb4+ 5. Bd2 Bxd2+ 6. Qxd2
Ba6 7. b3 c6 8. Bg2 d5 9. O-O O-O 10. Rc1 Nbd7 11. cxd5 cxd5
12. Nc3 Rc8 13. Qb2 Qe7 14. Rc2 Rc7 15. Rac1 Rfc8 16. Nb1 Qd6
17. Bf1 h6 18. Rxc7 Rxc7 19. Rxc7 Qxc7 20. Qc3 Qxc3 21. Nxc3
Ne4 22. Nb1 Kf8 23. Nfd2 Ke7 24. f3 Nxd2 25. Nxd2 e5 26. e3
Bxf1 27. Kxf1 exd4 28. exd4 Nb8 29. Ke2 Nc6 30. Ke3 Nb4 31. a4
g5 32. Nb1 f5 33. Nc3 Ke6 34. Ne2 Kf6 35. Kd2 g4 36. f4 Ke6
37. Kc3 Na2+ 38. Kb2 Nb4 39. Kc3 Na2+ 40. Kb2 Nb4 1/2-1/2

[Event "European Team Championship"]
[Site "Reykjavik ISL"]
[Date "2015.11.13"]
[EventDate "2015.11.13"]
[Round "1.62"]
[Result "1/2-1/2"]
[White "John Rodgaard"]
[Black "Mladen Palac"]
[WhiteElo "2350"]
[BlackElo "2577"]
[PlyCount "71"]

1. Nf3 Nf6 2. c4 e6 3. d4 b6 4. g3 Ba6 5. Qa4 Bb7 6. Bg2 c5
7. dxc5 bxc5 8. Nc3 Be7 9. O-O O-O 10. Rd1 Qb6 11. Bf4 Rd8
12. Rab1 a5 13. Qb5 Qa7 14. Bc7 Rc8 15. Bd6 Bxd6 16. Rxd6 Bc6
17. Qb3 Qc7 18. Rbd1 Ra6 19. R6d2 d5 20. cxd5 exd5 21. Ne1 a4
22. Qc2 d4 23. Ne4 Nxe4 24. Bxe4 Bxe4 25. Qxe4 g6 26. Rc1 Rc6
27. Rdc2 Nd7 28. Nd3 Qd6 29. b3 axb3 30. axb3 Kg7 31. e3 dxe3
32. Qxe3 Qd5 33. Nf4 Qe5 34. Nd3 Qd5 35. Nf4 Qe5 36. Nd3
1/2-1/2

[Event "European Team Championship"]
[Site "Reykjavik ISL"]
[Date "2015.11.13"]
[EventDate "2015.11.13"]
[Round "1.5"]
[Result "1/2-1/2"]
[White "Daniele Vocaturo"]
[Black "David Howell"]
[WhiteElo "2588"]
[BlackElo "2693"]
[PlyCount "85"]

1. e4 e5 2. Nf3 Nc6 3. Bb5 Nf6 4. O-O Nxe4 5. d4 Nd6 6. Bxc6
dxc6 7. dxe5 Nf5 8. Qxd8+ Kxd8 9. Rd1+ Ke8 10. Nc3 Ne7 11. h3
h6 12. Be3 Ng6 13. a3 Be7 14. Rd2 h5 15. Re1 h4 16. Nd4 Rh5
17. f4 Bd7 18. Ne4 Rd8 19. b4 Bc8 20. Kf2 f6 21. e6 Nf8 22. g4
hxg3+ 23. Nxg3 Rxh3 24. Kg2 Rh7 25. f5 Bd6 26. Ne4 Rh2+
27. Kf1 Rxd2 28. Bxd2 Be7 29. c3 Rd5 30. Bf4 g6 31. Bxc7 gxf5
32. Ng3 f4 33. Ngf5 Ng6 34. c4 Re5 35. c5 Rxe1+ 36. Kxe1 Kf8
37. Nd6 Bxd6 38. cxd6 Ke8 39. Kf2 Ne5 40. Bb8 a6 41. Bc7 c5
42. bxc5 Nf3 43. Kxf3 1/2-1/2

[Event "European Team Championship"]
[Site "Reykjavik ISL"]
[Date "2015.11.14"]
[EventDate "2015.11.13"]
[Round "2.3"]
[Result "1/2-1/2"]
[White "Mladen Palac"]
[Black "Erwin L'Ami"]
[WhiteElo "2577"]
[BlackElo "2623"]
[PlyCount "83"]

1. e4 e5 2. Nf3 Nc6 3. Bb5 Nf6 4. O-O Nxe4 5. Re1 Nd6 6. Nxe5
Be7 7. Bf1 Nxe5 8. Rxe5 O-O 9. d4 Ne8 10. d5 Bc5 11. Re2 d6
12. Be3 Bf5 13. c4 Qh4 14. Qb3 Nf6 15. Nd2 Bxe3 16. Qxe3 Rfe8
17. Qg3 Qxg3 18. hxg3 Rxe2 19. Bxe2 Re8 20. Kf1 Ne4 21. Nxe4
Bxe4 22. f3 Bg6 23. Rd1 a5 24. Bd3 Bxd3+ 25. Rxd3 h5 26. Kf2
g5 27. Ra3 b6 28. Re3 Rxe3 29. Kxe3 Kg7 30. Ke4 Kf6 31. g4
hxg4 32. fxg4 Kg6 33. b3 Kf6 34. Kd4 Kg6 35. Ke4 Kf6 36. a3
Kg6 37. b4 axb4 38. axb4 Kf6 39. Kd4 Kg6 40. Ke4 Kf6 41. Kd4
Kg6 42. Ke4 1/2-1/2

[Event "European Team Championship"]
[Site "Reykjavik ISL"]
[Date "2015.11.14"]
[EventDate "2015.11.13"]
[Round "2.10"]
[Result "1/2-1/2"]
[White "Georg Froewis"]
[Black "Nikola Sedlak"]
[WhiteElo "2433"]
[BlackElo "2557"]
[PlyCount "81"]

1. Nf3 Nf6 2. c4 g6 3. Nc3 d5 4. cxd5 Nxd5 5. Qb3 Nb6 6. d4
Be6 7. Qc2 Bg4 8. e4 Bxf3 9. gxf3 Bg7 10. Be3 Nc6 11. Bb5 O-O
12. Bxc6 bxc6 13. Ne2 Qd6 14. Rc1 Qe6 15. Qxc6 Qxa2 16. O-O
Qxb2 17. Nc3 f5 18. Rb1 Qc2 19. Rfc1 Qd3 20. Rd1 Qa6 21. Nd5
Qe2 22. exf5 Nxd5 23. Qxd5+ Kh8 24. fxg6 Qxf3 25. Qxf3 Rxf3
26. Rdc1 hxg6 27. Rxc7 Bf6 28. Rbb7 a5 29. Ra7 Rxa7 30. Rxa7
Rf5 31. Kg2 Kg7 32. f4 Kf7 33. Kf3 Rh5 34. Ke4 Rxh2 35. Rxa5
Rh4 36. Kf3 Rh3+ 37. Ke4 Rh4 38. Kf3 Rh3+ 39. Ke4 Rh4 40. Kf3
Rh3+ 41. Ke4 1/2-1/2

[Event "European Team Championship"]
[Site "Reykjavik ISL"]
[Date "2015.11.14"]
[EventDate "2015.11.13"]
[Round "2.12"]
[Result "1/2-1/2"]
[White "Nils Grandelius"]
[Black "David Navara"]
[WhiteElo "2644"]
[BlackElo "2730"]
[PlyCount "69"]

1. e4 c6 2. d4 d5 3. Nc3 dxe4 4. Nxe4 Bf5 5. Ng3 Bg6 6. h4 h6
7. Nf3 Nd7 8. h5 Bh7 9. Bd3 Bxd3 10. Qxd3 e6 11. Bd2 Ngf6
12. O-O-O Be7 13. Kb1 O-O 14. Ne4 c5 15. g4 Nxg4 16. Qe2 Qb6
17. Ne5 Ndxe5 18. dxe5 f5 19. exf6 Nxf6 20. f3 Rad8 21. Rdg1
Nxe4 22. fxe4 Kh8 23. Bc1 Qc7 24. Rg6 Rf6 25. Qg4 Rxg6
26. Qxg6 Qe5 27. Bxh6 Qf6 28. Bc1 Qxg6 29. hxg6+ Kg8 30. Rf1
Bf6 31. Be3 Bd4 32. Bg5 Bf6 33. Be3 Bd4 34. Bg5 Bf6 35. Be3
1/2-1/2

[Event "European Team Championship"]
[Site "Reykjavik ISL"]
[Date "2015.11.14"]
[EventDate "2015.11.13"]
[Round "2.2"]
[Result "1/2-1/2"]
[White "Mikhael Mchedlishvili"]
[Black "David Howell"]
[WhiteElo "2618"]
[BlackElo "2693"]
[PlyCount "68"]

1. d4 Nf6 2. c4 g6 3. Nc3 d5 4. cxd5 Nxd5 5. e4 Nxc3 6. bxc3
Bg7 7. Be3 c5 8. Rc1 Qa5 9. Qd2 cxd4 10. cxd4 Qxd2+ 11. Bxd2
O-O 12. Nf3 Bd7 13. Bd3 e6 14. Rc7 Bc6 15. Ke2 a5 16. Bf4 Na6
17. Bxa6 Rxa6 18. Ke3 f6 19. g4 Rb6 20. Rd1 Re8 21. g5 f5
22. Be5 Bf8 23. exf5 exf5 24. Kf4 Bd5 25. Rd2 a4 26. Ne1 Rb4
27. Kg3 Rb1 28. Ng2 a3 29. Ne3 Bf7 30. Rdc2 Be7 31. h4 Rg1+
32. Kf3 Rb1 33. Kg3 Rg1+ 34. Kf3 Rb1 1/2-1/2

[Event "European Team Championship"]
[Site "Reykjavik ISL"]
[Date "2015.11.14"]
[EventDate "2015.11.13"]
[Round "2.3"]
[Result "1-0"]
[White "Ante Brkic"]
[Black "Ivan Sokolov"]
[WhiteElo "2599"]
[BlackElo "2642"]
[PlyCount "79"]

1. e4 e5 2. Nf3 Nc6 3. Bc4 Nf6 4. d3 Bc5 5. O-O a6 6. c3 Ba7
7. Bb3 d6 8. Re1 O-O 9. h3 Be6 10. Nbd2 Bxb3 11. Qxb3 Qd7
12. Nf1 Nh5 13. Be3 Rfe8 14. Bxa7 Rxa7 15. d4 a5 16. Qc2 Raa8
17. Rad1 exd4 18. cxd4 d5 19. e5 Re6 20. Ne3 Ne7 21. Ng4 h6
22. Rc1 c6 23. Nh4 Nf4 24. Kh2 Rf8 25. g3 Nfg6 26. Nxg6 Nxg6
27. Qf5 Ne7 28. Qd3 h5 29. Ne3 f5 30. Ng2 Ng6 31. Qf3 f4
32. Qxh5 fxg3+ 33. fxg3 Rf2 34. Re2 Qf7 35. Rxf2 Qxf2 36. Qg4
Nf8 37. Qf4 Qe2 38. Rf1 Ng6 39. Qf7+ Kh8 40. Qxe6 1-0

[Event "European Team Championship"]
[Site "Reykjavik ISL"]
[Date "2015.11.14"]
[EventDate "2015.11.13"]
[Round "2.4"]
[Result "1/2-1/2"]
[White "Georg Meier"]
[Black "David Anton Guijarro"]
[WhiteElo "2654"]
[BlackElo "2630"]
[PlyCount "81"]

1. d4 f5 2. g3 Nf6 3. Bg2 g6 4. c4 Bg7 5. Nc3 O-O 6. Nf3 d6
7. O-O c6 8. Rb1 Ne4 9. Qc2 Nxc3 10. bxc3 e5 11. Rd1 e4
12. Ng5 h6 13. Nh3 Nd7 14. f3 Nf6 15. Nf2 exf3 16. exf3 Re8
17. Nd3 b6 18. a4 Be6 19. c5 dxc5 20. Ne5 cxd4 21. Nxg6 c5
22. cxd4 cxd4 23. Nf4 Rc8 24. Qd2 Nd5 25. Nh5 Ne3 26. Nxg7
Kxg7 27. Qxd4+ Qxd4 28. Rxd4 Nxg2 29. Kxg2 Rc2+ 30. Kh3 f4+
31. g4 h5 32. Bxf4 hxg4+ 33. Kg3 gxf3 34. Kxf3 Kf7 35. Rc1
Rec8 36. Rxc2 Rxc2 37. h4 Rc4 38. Rxc4 Bxc4 39. Bb8 Bb3
40. Bxa7 Bxa4 41. Bxb6 1/2-1/2

[Event "European Team Championship"]
[Site "Reykjavik ISL"]
[Date "2015.11.14"]
[EventDate "2015.11.13"]
[Round "2.5"]
[Result "1/2-1/2"]
[White "Ian Nepomniachtchi"]
[Black "Dimitrios Mastrovasilis"]
[WhiteElo "2705"]
[BlackElo "2615"]
[PlyCount "106"]

1. c4 c6 2. Nf3 d5 3. e3 Nf6 4. Nc3 e6 5. b3 Bd6 6. Bb2 O-O
7. d4 Nbd7 8. Bd3 e5 9. cxd5 cxd5 10. dxe5 Nxe5 11. Be2 Nxf3+
12. Bxf3 Be6 13. O-O Qb8 14. h3 Bh2+ 15. Kh1 Be5 16. Na4 Rd8
17. Bd4 Ne4 18. Rc1 Qd6 19. Nc5 Nxc5 20. Rxc5 Rac8 21. Rxc8
Rxc8 22. Bxe5 Qxe5 23. Qd2 Qc3 24. Rd1 Qxd2 25. Rxd2 Kf8
26. Bxd5 Rd8 27. e4 Bxd5 28. exd5 Ke7 29. Kh2 Kd6 30. Kg3 Re8
31. f4 Re3+ 32. Kg4 a5 33. h4 h6 34. h5 b5 35. Kf5 b4 36. g4
Rg3 37. g5 Rh3 38. Kg4 Rh1 39. g6 f5+ 40. Kxf5 Rxh5+ 41. Ke4
Rh3 42. Re2 Rh5 43. Rd2 Rh3 44. Rg2 Rh5 45. Rc2 Rxd5 46. Rc8
Rb5 47. Rg8 Ke7 48. f5 Kf6 49. Rf8+ Kg5 50. Rf7 h5 51. Rxg7
Rxf5 52. Rf7 Rf6 53. g7 Rg6 1/2-1/2

[Event "European Team Championship"]
[Site "Reykjavik ISL"]
[Date "2015.11.14"]
[EventDate "2015.11.13"]
[Round "2.8"]
[Result "0-1"]
[White "Mika Karttunen"]
[Black "Csaba Balogh"]
[WhiteElo "2426"]
[BlackElo "2645"]
[PlyCount "74"]

1. d4 Nf6 2. c4 e6 3. Nf3 Bb4+ 4. Nbd2 O-O 5. a3 Be7 6. e3 b6
7. Bd3 c5 8. O-O Bb7 9. e4 cxd4 10. Nxd4 d6 11. Re1 Nbd7
12. b4 Re8 13. Bb2 Bf8 14. Rc1 a6 15. N4b3 Qc7 16. f4 g6
17. Qf3 Bg7 18. Rc2 Rad8 19. g4 h6 20. Qg3 Qb8 21. Nf3 Nh7
22. h4 Bxb2 23. Rxb2 e5 24. Rf2 Ndf6 25. Nbd2 h5 26. Nh2 hxg4
27. f5 gxf5 28. Rxf5 Bc8 29. Ref1 Bxf5 30. Rxf5 Kh8 31. Ndf1
Rg8 32. Ne3 b5 33. Nhf1 Qb6 34. cxb5 Qd4 35. Bc2 Rc8 36. Kh1
Rxc2 37. Rxf6 Qxe4+ 0-1

[Event "European Team Championship"]
[Site "Reykjavik ISL"]
[Date "2015.11.14"]
[EventDate "2015.11.13"]
[Round "2.10"]
[Result "1/2-1/2"]
[White "Ivan Ivanisevic"]
[Black "Markus Ragger"]
[WhiteElo "2662"]
[BlackElo "2688"]
[PlyCount "66"]

1. d4 Nf6 2. c4 g6 3. g3 c5 4. Nf3 Bg7 5. Bg2 O-O 6. Nc3 d5
7. dxc5 Qa5 8. cxd5 Nxd5 9. Qxd5 Bxc3+ 10. Bd2 Rd8 11. Bxc3
Qxc3+ 12. bxc3 Rxd5 13. Nd4 Rxc5 14. O-O-O Nd7 15. Kb2 Nb6
16. Nb3 Rc7 17. Rd8+ Kg7 18. Rc1 a5 19. Ka1 Ra6 20. Nd4 Ra8
21. c4 a4 22. c5 Ra5 23. Nc6 Rb5 24. cxb6 Rxb6 25. Rd4 bxc6
26. Rxa4 Be6 27. Rb1 Rb5 28. Be4 Rc5 29. Bd3 Rd7 30. Rbb4 Rc1+
31. Rb1 Rc5 32. Rbb4 Rc1+ 33. Rb1 Rc5 1/2-1/2

[Event "European Team Championship"]
[Site "Reykjavik ISL"]
[Date "2015.11.14"]
[EventDate "2015.11.13"]
[Round "2.11"]
[Result "1-0"]
[White "Jon Ludvig Hammer"]
[Black "Aloyzas Kveinys"]
[WhiteElo "2682"]
[BlackElo "2510"]
[PlyCount "93"]

1. d4 Nf6 2. c4 e6 3. Nf3 Bb4+ 4. Nbd2 b6 5. a3 Bxd2+ 6. Qxd2
Bb7 7. e3 O-O 8. Be2 d6 9. O-O Ne4 10. Qc2 f5 11. d5 c5
12. dxc6 Nxc6 13. Nd2 Ne5 14. f3 Nf6 15. b3 Rc8 16. Qd1 Qe7
17. Bb2 Ng6 18. Qe1 Nd7 19. b4 Qg5 20. Qf2 f4 21. e4 Nde5
22. Rac1 Ba6 23. a4 Rc7 24. a5 Rb8 25. b5 Bc8 26. Ba3 Nf7
27. Rfd1 e5 28. Nb1 bxa5 29. c5 dxc5 30. Rxc5 Rbb7 31. Bc4
Rxc5 32. Qxc5 Bh3 33. Rd2 h5 34. Kh1 Qh4 35. gxh3 Qxh3 36. Rg2
Kh7 37. Qg1 Qxf3 38. Nd2 Qxa3 39. Rxg6 Nh6 40. Rc6 Ng4 41. Be6
Rb6 42. Bf5+ g6 43. Rc7+ Kh6 44. Bxg4 Qd3 45. Rd7 Rd6 46. Bf5
Qxd2 47. h4 1-0

[Event "European Team Championship"]
[Site "Reykjavik ISL"]
[Date "2015.11.14"]
[EventDate "2015.11.13"]
[Round "2.11"]
[Result "1-0"]
[White "Frode Olav Olsen Urkedal"]
[Black "Mindaugas Beinoras"]
[WhiteElo "2505"]
[BlackElo "2340"]
[PlyCount "83"]

1. d4 d5 2. c4 c6 3. Nf3 Nf6 4. e3 Bf5 5. Nc3 e6 6. Nh4 Be4
7. f3 Bg6 8. Qb3 Qb6 9. Nxg6 hxg6 10. Bd2 Nbd7 11. Be2 Bd6
12. f4 Qxb3 13. axb3 a6 14. Bf3 Bb4 15. Ke2 Bxc3 16. Bxc3 Ne4
17. Bxe4 dxe4 18. d5 cxd5 19. cxd5 exd5 20. Bxg7 Rh5 21. Bc3
Rc8 22. Rad1 Rc5 23. h3 f6 24. g4 Rh7 25. h4 a5 26. h5 gxh5
27. gxh5 d4 28. Rxd4 Rcxh5 29. Rxe4+ Kf7 30. Rxh5 Rxh5 31. b4
a4 32. Rc4 Ke6 33. Rc7 Rb5 34. e4 Rb6 35. f5+ Ke7 36. Bd4 Rb5
37. Kd3 Kd6 38. Rxd7+ Kxd7 39. Kc4 Kc6 40. Bxf6 Rb6 41. Bd4
Rb5 42. Bc5 1-0

[Event "European Team Championship"]
[Site "Reykjavik ISL"]
[Date "2015.11.14"]
[EventDate "2015.11.13"]
[Round "2.11"]
[Result "1-0"]
[White "Tautvydas Vedrickas"]
[Black "Johan Salomon"]
[WhiteElo "2320"]
[BlackElo "2459"]
[PlyCount "95"]

1. d4 e6 2. c4 f5 3. Nc3 Nf6 4. Bf4 Bb4 5. e3 Bxc3+ 6. bxc3
O-O 7. Bd3 d6 8. h3 Nbd7 9. Ne2 b6 10. Bh2 Qe8 11. O-O Bb7
12. Rb1 Be4 13. Bxe4 Nxe4 14. f3 Nef6 15. Qb3 Kh8 16. Nf4 e5
17. Nd5 Nxd5 18. cxd5 e4 19. f4 Nf6 20. c4 c6 21. dxc6 Qxc6
22. Bg3 Rac8 23. Rfc1 d5 24. c5 Nd7 25. Qa3 bxc5 26. dxc5 Rc7
27. Be1 d4 28. exd4 Nf6 29. Rc4 Nd5 30. Rb6 Qe8 31. Rd6 Nxf4
32. c6 Rc8 33. Kh2 Nd3 34. Bh4 Qh5 35. Rd8 Rfxd8 36. Bxd8 Rxd8
37. c7 Rc8 38. Qe7 h6 39. Qd8+ Qe8 40. Qxe8+ Rxe8 41. c8=Q
Rxc8 42. Rxc8+ Kh7 43. d5 Kg6 44. d6 Ne5 45. Re8 Nd7 46. Re7
Nc5 47. d7 Nb7 48. Re8 1-0

[Event "European Team Championship"]
[Site "Reykjavik ISL"]
[Date "2015.11.14"]
[EventDate "2015.11.13"]
[Round "2.12"]
[Result "1-0"]
[White "Erik Blomqvist"]
[Black "Zbynek Hracek"]
[WhiteElo "2486"]
[BlackElo "2609"]
[PlyCount "73"]

1. e4 e5 2. Nf3 Nc6 3. Bb5 a6 4. Ba4 Nf6 5. O-O Be7 6. d3 d6
7. c3 O-O 8. Re1 b5 9. Bc2 d5 10. Nbd2 d4 11. a4 Rb8 12. axb5
axb5 13. h3 Nd7 14. cxd4 exd4 15. Nb3 Nb6 16. Bd2 Be6 17. Qc1
Qd7 18. Ng5 Bxg5 19. Bxg5 Na4 20. Qd2 Nxb2 21. Nc5 Qd6
22. Nxe6 Qxe6 23. f4 Na4 24. f5 Qd7 25. f6 Nc5 26. fxg7 Rfe8
27. Rf1 b4 28. Rf5 Ne5 29. Bf6 Qd6 30. Qh6 Ncd7 31. Bb3 Rb6
32. Raf1 Nxf6 33. Rxf6 Qe7 34. Rxb6 cxb6 35. Rf5 Ra8 36. Rh5
Ra1+ 37. Kh2 1-0

[Event "European Team Championship"]
[Site "Reykjavik ISL"]
[Date "2015.11.14"]
[EventDate "2015.11.13"]
[Round "2.14"]
[Result "1/2-1/2"]
[White "Sebastian Bogner"]
[Black "Helgi Dam Ziska"]
[WhiteElo "2550"]
[BlackElo "2523"]
[PlyCount "80"]

1. d4 Nf6 2. c4 g6 3. Nf3 Bg7 4. g3 O-O 5. Bg2 d6 6. O-O c6
7. Nc3 Qa5 8. e4 e5 9. h3 Nbd7 10. Re1 exd4 11. Nxd4 Ne5
12. Bf1 Be6 13. Nxe6 fxe6 14. Kg2 Rad8 15. f4 Ned7 16. Be3 e5
17. Be2 Nc5 18. Qc2 exf4 19. gxf4 Bh6 20. Rf1 Ne6 21. Qd2 d5
22. cxd5 cxd5 23. exd5 Nxd5 24. Nxd5 Qxd2 25. Bxd2 Rxd5
26. Rad1 Bxf4 27. Bc4 Rxd2+ 28. Rxd2 Bxd2 29. Bxe6+ Kg7
30. Rxf8 Kxf8 31. Bd5 b6 32. Kf3 Bc1 33. b3 Ke7 34. a4 Kf6
35. Kg2 Ke5 36. Bg8 Kf6 37. Bd5 Ke5 38. Bg8 Kf6 39. Bd5 Ke5
40. Bg8 Kf6 1/2-1/2

[Event "European Team Championship"]
[Site "Reykjavik ISL"]
[Date "2015.11.14"]
[EventDate "2015.11.13"]
[Round "2.14"]
[Result "1/2-1/2"]
[White "John Rodgaard"]
[Black "Nico Georgiadis"]
[WhiteElo "2350"]
[BlackElo "2473"]
[PlyCount "81"]

1. d4 Nf6 2. c4 b6 3. Nf3 Bb7 4. g3 g6 5. Bg2 Bg7 6. O-O O-O
7. Nc3 Ne4 8. Nxe4 Bxe4 9. Ne1 Bxg2 10. Nxg2 c5 11. d5 d6
12. Rb1 Nd7 13. a4 a6 14. b3 b5 15. axb5 axb5 16. Bb2 Bxb2
17. Rxb2 Qa5 18. Qc2 Rfb8 19. Ne3 Nf6 20. Rfb1 Qb4 21. f3 Rb7
22. Kf2 h5 23. h3 Ra3 24. g4 Qa5 25. g5 Nd7 26. Qe4 Qd8 27. b4
bxc4 28. Qxc4 Nb6 29. Qb5 Rxe3 30. bxc5 dxc5 31. Qxc5 Re5
32. Rxb6 Rxd5 33. Qxd5 Qxd5 34. Rxb7 Qc5+ 35. Kf1 Qxg5
36. R1b4 e6 37. h4 Qc1+ 38. Kf2 Qc5+ 39. Kf1 Kg7 40. Kg2 Qe5
41. Re4 1/2-1/2

[Event "European Team Championship"]
[Site "Reykjavik ISL"]
[Date "2015.11.14"]
[EventDate "2015.11.13"]
[Round "2.14"]
[Result "1-0"]
[White "Richard Forster"]
[Black "Rogvi Egilstoft Nielsen"]
[WhiteElo "2459"]
[BlackElo "2275"]
[PlyCount "73"]

1. d4 e6 2. e4 b6 3. Bd3 Bb7 4. Nf3 d5 5. exd5 Qxd5 6. Nbd2
Nf6 7. Qe2 Be7 8. Nc4 O-O 9. Nce5 c5 10. c4 Qd8 11. dxc5 bxc5
12. Bd2 Qb6 13. O-O-O Nfd7 14. Bc3 Bf6 15. Rhe1 Bxf3 16. Qxf3
Nxe5 17. Bxe5 Bxe5 18. Rxe5 Nc6 19. Bxh7+ Kxh7 20. Rh5+ Kg8
21. Qh3 g6 22. Rh8+ Kg7 23. Qh6+ Kf6 24. Qf4+ Kg7 25. Qh6+ Kf6
26. Rxf8 Rxf8 27. Qxf8 Nd4 28. Qh8+ Ke7 29. Qh4+ Ke8 30. Qe4
Qa6 31. Kb1 Qxc4 32. Rc1 Qb5 33. Qa8+ Ke7 34. Qxa7+ Kd6
35. Qa3 e5 36. Qc3 Ne2 37. Qc4 1-0

[Event "European Team Championship"]
[Site "Reykjavik ISL"]
[Date "2015.11.14"]
[EventDate "2015.11.13"]
[Round "2.14"]
[Result "0-1"]
[White "John Arni Nilssen"]
[Black "Joseph G Gallagher"]
[WhiteElo "2274"]
[BlackElo "2445"]
[PlyCount "90"]

1. d4 Nf6 2. c4 g6 3. Nc3 Bg7 4. e4 d6 5. Be2 O-O 6. Bg5 h6
7. Be3 c5 8. e5 dxe5 9. dxe5 Qxd1+ 10. Rxd1 Ng4 11. Bxc5 Nxe5
12. Nd5 Nbc6 13. f4 Ng4 14. Bf3 Bf5 15. Ne2 Rfd8 16. h3 Nf6
17. Ng3 Bc2 18. Rd2 Bb1 19. O-O Bxa2 20. Rfd1 Bxc4 21. Nxe7+
Kh7 22. Rxd8 Nxd8 23. b4 Ne6 24. Bxb7 Rb8 25. Bd5 Nxd5
26. Nxd5 Rd8 27. Bxa7 Rxd5 28. Rxd5 Bxd5 29. f5 Nf4 30. fxg6+
Kxg6 31. Kf2 Nxg2 32. Ne2 Kf5 33. Ng3+ Ke6 34. Ne2 Bc4
35. Nd4+ Bxd4+ 36. Bxd4 Nf4 37. Bg7 h5 38. Kg3 Kf5 39. Bf8 h4+
40. Kh2 Bf1 41. Bd6 Nxh3 42. b5 Ng5 43. b6 Nf3+ 44. Kh1 h3
45. b7 Bg2# 0-1

[Event "European Team Championship"]
[Site "Reykjavik ISL"]
[Date "2015.11.14"]
[EventDate "2015.11.13"]
[Round "2.15"]
[Result "0-1"]
[White "Afrim Fejzullahu"]
[Black "Johann Hjartarson"]
[WhiteElo "2332"]
[BlackElo "2529"]
[PlyCount "70"]

1. e4 c5 2. Nf3 e6 3. d4 cxd4 4. Nxd4 a6 5. Nc3 Nc6 6. Be3
Nge7 7. Bd3 Nxd4 8. Bxd4 Nc6 9. Be3 b5 10. O-O Be7 11. f4 O-O
12. e5 f5 13. exf6 Bxf6 14. Ne4 Bxb2 15. Ng5 h6 16. Rb1 Bc3
17. Rb3 b4 18. Qh5 Qe8 19. Bh7+ Kh8 20. Bg6 Qe7 21. Be4 Rf6
22. Bxc6 dxc6 23. Ne4 Rf5 24. Qg6 c5 25. Nxc3 bxc3 26. Rfb1
Bd7 27. Rb8+ Rf8 28. Rxa8 Rxa8 29. Qd3 Bc6 30. Qxc3 Qe8
31. Rf1 Qg6 32. Rf2 Rb8 33. h3 Qg3 34. Qd2 Bxg2 35. Qc1 Bxh3+
0-1

[Event "European Team Championship"]
[Site "Reykjavik ISL"]
[Date "2015.11.14"]
[EventDate "2015.11.13"]
[Round "2.16"]
[Result "1/2-1/2"]
[White "Mher Hovhanisian"]
[Black "Dragan Solak"]
[WhiteElo "2495"]
[BlackElo "2628"]
[PlyCount "83"]

1. d4 d6 2. Nf3 g6 3. g3 Bg7 4. Bg2 Nf6 5. O-O O-O 6. c4 Nbd7
7. Nc3 e5 8. e3 Re8 9. a4 a5 10. b3 exd4 11. exd4 Nb8 12. Ra2
Nc6 13. Re2 Rxe2 14. Nxe2 Bf5 15. Ba3 Qd7 16. d5 Nb8 17. Ned4
Na6 18. Nxf5 Qxf5 19. Nd4 Qd7 20. Re1 Re8 21. Nb5 Re7 22. Bf3
Qe8 23. Rxe7 Qxe7 24. Qd2 b6 25. Qe2 Kf8 26. Kf1 Nd7 27. Qxe7+
Kxe7 28. Bg4 Ndc5 29. Bxc5 Nxc5 30. Bd1 Kd7 31. Bc2 Kd8
32. Ke2 Nd7 33. f4 Nc5 34. g4 h6 35. h4 Bf6 36. g5 hxg5
37. hxg5 Bb2 38. Kf3 Nd7 39. Kg4 Ba1 40. Kf3 Bb2 41. Kg4 Ba1
42. Kf3 1/2-1/2

[Event "European Team Championship"]
[Site "Reykjavik ISL"]
[Date "2015.11.14"]
[EventDate "2015.11.13"]
[Round "2.16"]
[Result "1-0"]
[White "Alexander Ipatov"]
[Black "Steven Geirnaert"]
[WhiteElo "2624"]
[BlackElo "2449"]
[PlyCount "67"]

1. d4 Nf6 2. c4 e6 3. Nf3 b6 4. g3 Ba6 5. Qc2 Bb7 6. Bg2 c5
7. d5 exd5 8. cxd5 Nxd5 9. O-O Be7 10. Rd1 Nf6 11. Nc3 Nc6
12. e4 O-O 13. a3 Qc8 14. e5 Ne8 15. Ne4 h6 16. Be3 Nc7
17. Rd2 Ne6 18. Rad1 Rd8 19. Qc3 Qc7 20. Nd6 Bxd6 21. exd6 Qb8
22. Bxh6 gxh6 23. Qf6 Rf8 24. Qxh6 f6 25. Qg6+ Kh8 26. Rd5 Ng7
27. Ng5 fxg5 28. Rxg5 Rf7 29. Qh6+ Kg8 30. Rxg7+ Rxg7 31. Bd5+
Rf7 32. Qg6+ Kh8 33. Bxf7 Qf8 34. Rd5 1-0

[Event "European Team Championship"]
[Site "Reykjavik ISL"]
[Date "2015.11.14"]
[EventDate "2015.11.13"]
[Round "2.16"]
[Result "0-1"]
[White "Thibaut Vandenbussche"]
[Black "Baris Esen"]
[WhiteElo "2421"]
[BlackElo "2565"]
[PlyCount "76"]

1. e4 c5 2. Nf3 d6 3. d4 cxd4 4. Nxd4 Nf6 5. Nc3 a6 6. Qd3 e6
7. Bg5 h6 8. Bh4 Nbd7 9. O-O-O b5 10. a3 Bb7 11. Be2 Be7
12. f4 Nc5 13. Qe3 Nfxe4 14. Nxe4 Nxe4 15. Bxe7 Qxe7 16. Bf3
d5 17. f5 e5 18. Nb3 Rc8 19. Bxe4 dxe4 20. Nd2 Qg5 21. Qb6 Bc6
22. Qc5 Qxf5 23. Nb3 Qg5+ 24. Kb1 Qe7 25. Rd6 Bb7 26. Qb6 O-O
27. Nc5 Ba8 28. Nd7 Rfe8 29. Rhd1 Qg5 30. Qxa6 e3 31. Nb6 Rb8
32. Nxa8 Rxa8 33. Qxb5 Qxg2 34. Rd7 Qf2 35. Qf1 e4 36. R7d5
Rac8 37. Rc1 Rxc2 38. Qxf2 Rxc1+ 0-1

[Event "European Team Championship"]
[Site "Reykjavik ISL"]
[Date "2015.11.14"]
[EventDate "2015.11.13"]
[Round "2.16"]
[Result "1-0"]
[White "Emre Can"]
[Black "Stef Soors"]
[WhiteElo "2535"]
[BlackElo "2394"]
[PlyCount "69"]

1. Nf3 Nf6 2. c4 c5 3. d4 cxd4 4. Nxd4 g6 5. Nc3 d5 6. Nf3 e6
7. cxd5 exd5 8. Bg5 Be7 9. e3 Nc6 10. Be2 Be6 11. O-O h6
12. Bh4 g5 13. Bg3 Ne4 14. Nd4 Nxg3 15. hxg3 Nxd4 16. Qxd4 O-O
17. Bf3 Bf6 18. Qb4 a5 19. Qb5 d4 20. Rad1 Bd7 21. Qxb7 Rb8
22. Qa7 g4 23. Ne4 Bg7 24. Be2 Bc6 25. Nc3 Rxb2 26. exd4 Rc2
27. Qc5 Ba8 28. Bxg4 Re8 29. Bf5 Rb2 30. a3 Qg5 31. Rfe1 Rd8
32. Qxa5 Bxd4 33. Rxd4 Rxd4 34. Re8+ Kg7 35. Qe5+ 1-0

[Event "European Team Championship"]
[Site "Reykjavik ISL"]
[Date "2015.11.14"]
[EventDate "2015.11.13"]
[Round "2.17"]
[Result "1/2-1/2"]
[White "Constantin Lupulescu"]
[Black "Hannes Stefansson"]
[WhiteElo "2631"]
[BlackElo "2602"]
[PlyCount "84"]

1. Nf3 Nf6 2. c4 c6 3. Nc3 d5 4. d4 e6 5. e3 Nbd7 6. Qc2 Bd6
7. Bd3 O-O 8. O-O dxc4 9. Bxc4 b5 10. Be2 Bb7 11. e4 e5
12. dxe5 Nxe5 13. Nh4 g6 14. f4 Neg4 15. e5 Bc5+ 16. Kh1 Nf2+
17. Rxf2 Bxf2 18. Nf3 Ng4 19. Ng5 Ne3 20. Qb3 c5 21. Nce4 c4
22. Qxb5 Bxe4 23. Nxe4 Nc2 24. Rb1 Be3 25. Nd6 Rb8 26. Qa4
Bxc1 27. Rxc1 Ne3 28. Qxa7 Qb6 29. Qxb6 Rxb6 30. Nxc4 Nxc4
31. Bxc4 Rxb2 32. Kg1 Rd8 33. e6 fxe6 34. Bxe6+ Kg7 35. h4 Rd4
36. Rf1 Rbb4 37. g3 Rd3 38. Kg2 Re4 39. Bg4 Rd2+ 40. Rf2 Red4
41. Rxd2 Rxd2+ 42. Kg1 Rxa2 1/2-1/2

[Event "European Team Championship"]
[Site "Reykjavik ISL"]
[Date "2015.11.14"]
[EventDate "2015.11.13"]
[Round "2.18"]
[Result "1-0"]
[White "Luka Lenic"]
[Black "Alan Tate"]
[WhiteElo "2625"]
[BlackElo "2337"]
[PlyCount "51"]

1. Nf3 d5 2. g3 Bg4 3. Bg2 Nd7 4. O-O c6 5. d3 e6 6. c4 Ngf6
7. cxd5 exd5 8. Nc3 Bd6 9. h3 Bh5 10. e4 O-O 11. exd5 cxd5
12. g4 Bg6 13. Nh4 Nc5 14. Nxg6 hxg6 15. Qf3 Re8 16. Bg5 Ne6
17. Bxf6 gxf6 18. Nxd5 Be5 19. Rfe1 Ng5 20. Qd1 Nxh3+ 21. Kf1
Qd6 22. Qa4 b5 23. Qb4 Red8 24. Qxd6 Rxd6 25. d4 Bxd4 26. Rad1
1-0